Central Library OPAC University of Rajshahi

Handbook of cost accounting / (Record no. 13917)

MARC details
000 -LEADER
fixed length control field 00895cam a2200277 i 4500
001 - CONTROL NUMBER
control field 13917
003 - CONTROL NUMBER IDENTIFIER
rucl marc code BD-RjUL
005 - DATE AND TIME OF LATEST TRANSACTION
control field 20211208235533.0
008 - FIXED-LENGTH DATA ELEMENTS--GENERAL INFORMATION
fixed length control field 771027s1978 nyua b 001 0 eng
020 ## - INTERNATIONAL STANDARD BOOK NUMBER
International Standard Book Number 007015452X
035 ## - SYSTEM CONTROL NUMBER
System control number (BD-RjUL)13969
040 ## - CATALOGING SOURCE
Original cataloging agency DLC
Transcribing agency DLC
Modifying agency DLC
-- BD-RjUL
Language of cataloging eng
041 ## - LANGUAGE CODE
Language code of text/sound track or separate title eng
082 00 - DEWEY DECIMAL CLASSIFICATION NUMBER
Classification number 657.42
Author mark and year HAN 1978
245 00 - TITLE STATEMENT
Title Handbook of cost accounting /
Statement of responsibility, etc. edited by Sidney Davidson and Roman L. Weil.
260 ## - PUBLICATION, DISTRIBUTION, ETC. (IMPRINT)
Place of publication, distribution, etc. New York :
Name of publisher, distributor, etc. McGraw-Hill,
Date of publication, distribution, etc. c1978.
300 ## - PHYSICAL DESCRIPTION
Pagination ca. 600 p. in various pagings :
Illustrations ill. ;
Size 24 cm.
504 ## - BIBLIOGRAPHY, ETC. NOTE
Bibliography, etc Includes bibliographies and index.
650 #0 - SUBJECT ADDED ENTRY--TOPICAL TERM
Topical term or geographic name as entry element Cost accounting
General subdivision Handbooks, manuals, etc.
9 (RLIN) 43504
Topical term or geographic name as entry element Managerial accounting
General subdivision Handbooks, manuals, etc.
9 (RLIN) 43505
700 1# - ADDED ENTRY--PERSONAL NAME
Personal name Davidson, Sidney,
Dates associated with a name 1919-2007.
Personal name Weil, Roman L.
942 ## - ADDED ENTRY ELEMENTS (KOHA)
Source of classification or shelving scheme Dewey Decimal Classification
Koha item type Books
Holdings
Lost status Source of classification or shelving scheme Damaged status Not for loan Collection code Permanent Location Current Location Shelving location Date acquired Source of acquisition Cost, normal purchase price Total Checkouts Full call number Date last seen Copy number Koha item type
  Dewey Decimal Classification     Non-fiction Central Library, University of Rajshahi Central Library, University of Rajshahi   29/04/1985 Topan 138.15   657.42 HAN 1978 03/02/2014 C-2 Books
  Dewey Decimal Classification     Non-fiction Central Library, University of Rajshahi Central Library, University of Rajshahi   29/04/1985 Tulip 138.15   657.42 HAN 1978 09/02/2014 C-9 Books
  Dewey Decimal Classification     Non-fiction Central Library, University of Rajshahi Central Library, University of Rajshahi   29/04/1985 Tulip Ent. 138.15   657.42 HAN 1978 07/04/2019 C-5 Books
  Dewey Decimal Classification   Not For Loan Non-fiction Central Library, University of Rajshahi Central Library, University of Rajshahi   29/04/1985 Tulip Ent. 138.15   657.42 HAN 1978 07/04/2019 C-1 Books
  Dewey Decimal Classification       Central Library, University of Rajshahi Central Library, University of Rajshahi   29/04/1985 Tulip Ent. 138.15   657.42 HAN 1978 07/04/2019 C-3 Books
  Dewey Decimal Classification       Central Library, University of Rajshahi Central Library, University of Rajshahi   29/04/1985 Tulip Ent. 138.15   657.42 HAN 1978 07/04/2019 C-4 Books
  Dewey Decimal Classification     Non-fiction Central Library, University of Rajshahi Central Library, University of Rajshahi   29/04/1985 Tulip Ent. 138.15   657.42 HAN 1978 07/04/2019 C-8 Books
  Dewey Decimal Classification       Central Library, University of Rajshahi Central Library, University of Rajshahi   29/04/1985 Tulip Ent. 138.15   657.42 HAN 1978 07/04/2019 C-6 Books
  Dewey Decimal Classification     Non-fiction Central Library, University of Rajshahi Central Library, University of Rajshahi   29/04/1985 Tulip Ent. 138.15   657.42 HAN 1978 07/04/2019 C-7 Books